Избранные произведения (Запись № 9093546)

Подробности
000 -МАРКЕР
контрольное поле 02023nam0a22003131 4500
001 - ИДЕНТИФИКАТОР ЗАПИСИ
контрольное поле rc\4577851
005 - ИДЕНТИФИКАТОР ВЕРСИИ
контрольное поле 20260607073548.0
021 ## - НОМЕР ГОСУДАРСТВЕННОЙ РЕГИСТРАЦИИ
Код страны Российская Федерация
Номер [63-100683]
035 ## - ДРУГИЕ СИСТЕМНЫЕ НОМЕРА
Идентификатор записи (NLR Aleph) 008376956
100 ## - ДАННЫЕ ОБЩЕЙ ОБРАБОТКИ
Данные общей обработки 20130416d1963 u y0rusy50 ca
101 0# - ЯЗЫК РЕСУРСА
Язык текста, звукозаписи и т.д. русский
102 ## - СТРАНА ПУБЛИКАЦИИ ИЛИ ПРОИЗВОДСТВА
Страна публикации Российская Федерация
105 ## - ПОЛЕ КОДИРОВАННЫХ ДАННЫХ: ТЕКСТОВЫЕ МАТЕРИАЛЫ, МОНОГРАФИЧЕСКИЕ
Кодированные данные о монографическом текстовом документе c z |||a|
200 1# - ЗАГЛАВИЕ И СВЕДЕНИЯ ОБ ОТВЕТСТВЕННОСТИ
Основное заглавие Избранные произведения
Сведения, относящиеся к заглавию Стихи. Поэмы. Проза
Первые сведения об ответственности [Сост., вступ. очерк, с. 3-42, и коммент. В.Д. Дувакина
Последующие сведения об ответственности Ил.: Л. Дурасов]
210 ## - ПУБЛИКАЦИЯ, РАСПРОСТРАНЕНИЕ И ДР.
Место издания, распространения и т.д. Москва
Имя издателя, распространителя и т. д. Детгиз
Дата издания, распространения и т.д. 1963
215 ## - ФИЗИЧЕСКАЯ ХАРАКТЕРИСТИКА
Специфическое обозначение материала и объем 623 с., 1 л. портр.
Размеры 22
225 1# - СЕРИЯ
Основное заглавие серии Школьная библиотека
Наименование части [Для восьмилетней и средней школы]
327 0# - ПРИМЕЧАНИЯ О СОДЕРЖАНИИ
Текст примечания В книге также: Из воспоминаний о Маяковском А.А. Маяковской, В.В. Каменского, Р.Я. Каменского, Р.Я. Райт, Т. Киселевой, П.И. Лавута, И. Кальма, А.Г. Бромберга
464 #0 - АНАЛИТИЧЕСКИЙ УРОВЕНЬ
Встроенное поле 701#1$aМаяковская$bА. А.$gАлександра Алексеевна$f1867-1954$3RU\NLR\AUTH\770137705
-- 701#1$aКаменский$bВ.В.
-- 701#1$aРайт$bР.Я.
-- 701#1$aКиселева$bТ.
-- 701#1$aЛавут$bП.И.
-- 701#1$aКальм$bИ.
-- 701#1$aБромберг$bА.Г.
-- 702#1$aМаяковский$bВ.В.$f1893-1930$gВладимир Владимирович$4570
700 #1 - ИМЯ ЛИЦА - ПЕРВИЧНАЯ ОТВЕТСТВЕННОСТЬ
Материалы, к которым относится поле rus
Графика поля Кириллица
Начальный элемент ввода Маяковский
Часть имени, кроме начального элемента ввода В. В.
Даты 1893-1930
Расширение инициалов личного имени Владимир Владимирович
Идентификатор авторитетной/нормативной записи RU\NLR\AUTH\775761
Системный номер авторитетной/нормативной записи 115720
702 #1 - ИМЯ ЛИЦА - ВТОРИЧНАЯ ОТВЕТСТВЕННОСТЬ
Код отношения Составитель
-- Автор введения, предисловия, примечания и т.п.
-- Комментатор печатного текста
Графика поля Кириллица
Материалы, к которым относится поле rus
Начальный элемент ввода Дувакин
Часть имени, кроме начального элемента ввода В. Д.
Дополнения к именам, кроме дат литературовед
Даты 1909-1982
Расширение инициалов личного имени Виктор Дмитриевич
Системный номер авторитетной/нормативной записи 259517
Идентификатор авторитетной/нормативной записи RU\NLR\AUTH\770259573
702 #1 - ИМЯ ЛИЦА - ВТОРИЧНАЯ ОТВЕТСТВЕННОСТЬ
Код отношения Иллюстратор
Графика поля Кириллица
Материалы, к которым относится поле rus
Начальный элемент ввода Дурасов
Часть имени, кроме начального элемента ввода Л. П.
Дополнения к именам, кроме дат художник
Даты 1932-2016
Расширение инициалов личного имени Лев Петрович
Системный номер авторитетной/нормативной записи 85685
Идентификатор авторитетной/нормативной записи RU\NLR\auth\77102759
801 #0 - ИСТОЧНИК ЗАПИСИ
Страна Российская Федерация
Организация NLR
Правила каталогизации psbo
801 #1 - ИСТОЧНИК ЗАПИСИ
Страна Российская Федерация
Организация ELAR
Источник данных rusmarc
852 ## - МЕСТОНАХОЖДЕНИЕ И ШИФР ХРАНЕНИЯ
Идентификатор организации NLR
Шифр хранения (Call Number) 64-5/343
942 ## - ДОПОЛНИТЕЛЬНЫЕ ЭЛЕМЕНТЫ ЗАПИСИ (АБИС)
Тип экземпляра АБИС Книга
980 ## - КОЛЛЕКЦИЯ
Название коллекции Национальная библиография
Экземпляры
Тип экземпляра Дата поступления Библиотека постоянного хранения Библиотека текущего хранения Место хранения Шифр хранения Штрих-код Статус экземпляра Источник поступления Стоимость
Книга 26.10.2013 РНБ (Московский) РНБ (Московский) Русский книжный фонд: издания с 1957 года 64-5/343 8376956-10      
Книга 13.06.2015 РНБ (Фонтанка) РНБ (Фонтанка) Юношеский читальный зал Ю П(с)/М-39 1-998895   Источник неизвестен 1.33